000
00397nam a2200133Ia 4500
008
151001s9999||||xx |||||||||||||| ||und||
100
_a
बलराम अग्रवाल
245
_a
प्रेमचंद कि सर्वश्रेष्ठ कहानियाँ
250
_a
1
260
_b
साक्षी
260
_c
1998
300
_a
176
365
_b
21
999
_c
975003
_d
975000